Online Catalogue and eLibrary

Colombo (Record no. 5383)

MARC details
000 -LEADER
fixed length control field 00359nam a2200157Ia 4500
005 - DATE AND TIME OF LATEST TRANSACTION
control field 20241113061815.0
008 - FIXED-LENGTH DATA ELEMENTS--GENERAL INFORMATION
fixed length control field 240331s9999 xx 000 0 und d
020 ## - INTERNATIONAL STANDARD BOOK NUMBER
ISBN 0140255621
082 ## - DDC Classification
Item Number - Author Mark MUL
Class No. 823
100 ## - MAIN ENTRY--PERSONAL NAME
Personal name Muller,C
245 #0 - TITLE STATEMENT
Title Colombo
Remainder of title A Novel
260 ## - PUBLICATION, DISTRIBUTION, ETC.
Place of publication, distribution, etc. New Delhi
Name of publisher, distributor, etc. Penguin Books
Date of publication, distribution, etc. 1995
300 ## - PHYSICAL DESCRIPTION
Extent (e.g. Volumes, Pages etc.) 481 p .,
650 ## - SUBJECT ADDED ENTRY--TOPICAL TERM
Topical term or geographic name entry element A Novel
942 ## - Koha item type (Biblio)
Koha item type Books in Stacks (Lending)
Holdings
Lost status Damaged status Collection code Home library Current library Shelving location Date acquired Full call number Accession Number Item type
    Lending WERC Library WERC Library Social Science Cupboard 03/31/2024 823 MUL 6606 Books in Stacks (Lending)

© WERC Library